| 000 | 00912nam a22002177a 4500 | ||
|---|---|---|---|
| 999 |
_c8292 _d8292 |
||
| 003 | AR-CdUCM | ||
| 008 | 190322b ||||| |||| 00| 0 spa d | ||
| 040 |
_aMUNICIPALIDAD PROVINCIAL DEL CUSCO _cBIBLIOTECA MUNICIPAL DEL CUSCO |
||
| 082 |
_27ed. _a612 / _bF95 |
||
| 100 |
_aFuente Muñiz, Ramon De La _923323 |
||
| 245 | _aPsicología medica / | ||
| 260 |
_aMexico : _bFondo de cultura económica, _c1967. |
||
| 300 |
_a444 paginas ; _c21 cm. |
||
| 505 | _aContenido : Psicología y medicina -- Aportaciones de las ciencias biológicas al campo de la psicología -- Evolución histórica de los conceptos médicos psicológicos -- La unidad bio-psico-social del hombre -- La base neural de los procesos mentales ... | ||
| 650 |
_aPsicología medica _923324 |
||
| 650 |
_aMedicina humana _918640 |
||
| 650 |
_aPersonalidad _9925 |
||
| 650 |
_aProcesos mentales _923325 |
||
| 942 |
_2ddc _cLIBROS |
||
| 945 | _awnts | ||